00403nam a2200157Ia 4500001000500000005001700005008004100022041000800063082001700071100002600088245007300114260000900187300003300196650000800229654000800237845220260306160610.0260306t1996||||xx |||||||||||||| ||spa|| aESP a371.071bW44 aWells, Ronald A.eAUT 0aKeeping Faith:bembracing the tensions in christian higher education c1996 avii, 151 páginas :c23 cm. aGEN aCED